El espinoso sujeto : (Registro nro. 3038)

Detalles MARC
000 -CABECERA
campo de control de longitud fija 01091nam a2200265 a 4500
001 - NÚMERO DE CONTROL
campo de control ES-MaREB00665683-7
003 - IDENTIFICADOR DEL NÚMERO DE CONTROL
campo de control ES-MaREB
005 - FECHA Y HORA DE LA ÚLTIMA TRANSACCIÓN
campo de control 20210315122847.0
007 - CAMPO FIJO DE DESCRIPCIÓN FÍSICA--INFORMACIÓN GENERAL
campo de control de longitud fija ta
008 - DATOS DE LONGITUD FIJA--INFORMACIÓN GENERAL
campo de control de longitud fija 041104s2001 esp r 000 0 spa d
020 ## - NÚMERO INTERNACIONAL ESTÁNDAR DEL LIBRO
Número Internacional Estándar del Libro 950126520X
040 ## - FUENTE DE LA CATALOGACIÓN
Centro catalogador/agencia de origen BP-CA
Centro/agencia transcriptor AR-RoIUNI
080 ## - NÚMERO DE LA CLASIFICACIÓN DECIMAL UNIVERSAL
Número de la Clasificación Decimal Universal 165.12
100 1# - ENTRADA PRINCIPAL--NOMBRE DE PERSONA
Nombre de persona Žižek, Slavoj.
245 13 - MENCIÓN DE TÍTULO
Título El espinoso sujeto :
Resto del título el centro ausente de la ontología política /
Mención de responsabilidad, etc. Slavoj Žižek ; traducción de Jorge Piatigorsky.
260 ## - PUBLICACIÓN, DISTRIBUCIÓN, ETC. (PIE DE IMPRENTA)
Lugar de publicación, distribución, etc. Buenos Aires :
Nombre del editor, distribuidor, etc. Paidós,
Fecha de publicación, distribución, etc. c2001.
300 ## - DESCRIPCIÓN FÍSICA
Extensión 432 p. ;
Dimensiones 23 cm.
490 0# - MENCIÓN DE SERIE
Mención de serie Espacios del saber ,
Designación de volumen o secuencia 20
505 0# - NOTA DE CONTENIDO CON FORMATO
Nota de contenido con formato 1. El atolladero de la imaginación trascendental, o Martín Heidegger como letor de Kant -- 2. El espinoso sujeto hegeliano -- 3. La política de la verdad, o Alain Badiou como lector de San Pablo -- 4. La subjetivación política y sus vicisitudes -- 5. (Des)apegos apasionados, o Judith Butler como lectora de Freud -- 6. ¿Adónde va Edipo?.
650 #4 - PUNTO DE ACCESO ADICIONAL DE MATERIA--TÉRMINO DE MATERIA
Término de materia o nombre geográfico como elemento inicial PSICOLOGÍA
9 (RLIN) 108
650 #4 - PUNTO DE ACCESO ADICIONAL DE MATERIA--TÉRMINO DE MATERIA
Término de materia o nombre geográfico como elemento inicial METAFÍSICA
650 #4 - PUNTO DE ACCESO ADICIONAL DE MATERIA--TÉRMINO DE MATERIA
Término de materia o nombre geográfico como elemento inicial ONTOLOGÍA
9 (RLIN) 533
700 1# - PUNTO DE ACCESO ADICIONAL--NOMBRE DE PERSONA
Nombre de persona Piatigorsky, Jorge
942 ## - ELEMENTOS DE PUNTO DE ACCESO ADICIONAL (KOHA)
Fuente del sistema de clasificación o colocación Clasificación Decimal Universal
Tipo de ítem Koha Libros
Existencias
Estado de retiro Estado de pérdida Fuente del sistema de clasificación o colocación Estado dañado Excepción de préstamo Código de colección Localización permanente Ubicación/localización actual Ubicación en estantería Fecha de adquisición Fuente de adquisición Número de inventario Total de préstamos Signatura topográfica completa Código de barras Fecha visto por última vez Número de copia Precio válido a partir de Tipo de ítem Koha Nota pública Especificación de materiales (volumen encuadernado u otra parte)
    Clasificación Decimal Universal     Psicología BIBLIOTECA RIOBAMBA BIBLIOTECA RIOBAMBA BIBLIOTECA RIOBAMBA 04/07/2016 Compra 3126   165.12 ZIZ 3126 15/07/2016 1 15/07/2016 Libros Donación Pablo Zöpke  
    Clasificación Decimal Universal     Psicología BIBLIOTECA RIOBAMBA BIBLIOTECA RIOBAMBA BIBLIOTECA RIOBAMBA 22/07/2016 Compra 3223   165.12 ZIZ 3223 09/08/2016 2 09/08/2016 Libros Postgrado Edición aumentada